México en plata : (Record no. 10824)

MARC details
000 -CABECERA
campo de control de longitud fija 01046nam a22002297a 4500
001 - NÚMERO DE CONTROL
campo de control BRCA_9205
003 - IDENTIFICADOR DEL NÚMERO DE CONTROL
campo de control FranzMayer
005 - FECHA Y HORA DE LA ÚLTIMA TRANSACCIÓN
campo de control 20220809134934.0
008 - DATOS DE LONGITUD FIJA--INFORMACIÓN GENERAL
campo de control de longitud fija 220718b |||||||| |||| 00| 0 eng d
040 ## - FUENTE DE LA CATALOGACIÓN
Lengua de catalogación spa
Centro/agencia transcriptor MFM
041 0# - CÓDIGO DE LENGUA
Código de lengua del texto/banda sonora o título independiente spa
050 ## - SIGNATURA TOPOGRÁFICA DE LA BIBLIOTECA DEL CONGRESO
Número de clasificación NK7101.5.T67
Número de documento/Ítem M49 2019
245 ## - MENCIÓN DE TÍTULO
Título México en plata :
Resto del título historia y porvenir
260 ## - PUBLICACIÓN, DISTRIBUCIÓN, ETC.
Lugar de publicación, distribución, etc. México :
Nombre del editor, distribuidor, etc. Fundación E. Arocena,
Fecha de publicación, distribución, etc. 2019
300 ## - DESCRIPCIÓN FÍSICA
Extensión 111 p. :
Otras características físicas fot. col. ;
Dimensiones 23.5 x 30 cm.
500 ## - NOTA GENERAL
Nota general Ubicación: L59-N5
500 ## - NOTA GENERAL
Nota general Catálogo de la exposición "México en plata. Cinco siglos de identidad compartida" en el Museo Arocena en Torreón, Coahuila (23 de marzo - 5 de agosto de 2012)
520 ## - SUMARIO, ETC.
Sumario, etc. En el 2009 el Museo Arocena de Torreón, Coahula se dio a la tarea de poner en valor la historia de la platería mexica a través de un magno proyecto expositivo que comprendería obras artísticas desde la época del virreinato hasta el siglo XXI.
650 ## - PUNTO DE ACCESO ADICIONAL DE MATERIA--TÉRMINO DE MATERIA
Término de materia o nombre geográfico como elemento de entrada Plata
Subdivisión de forma Exposición
Subdivisión general Historia
Subdivisión geográfica Torreón (Coahuila, Mexico)
9 (RLIN) 28457
942 ## - ELEMENTOS DE PUNTO DE ACCESO ADICIONAL (KOHA)
Fuente del sistema de clasificación o colocación Library of Congress Classification
Tipo de ítem Koha Libros
Holdings
Estado de retiro Estado de pérdida Fuente del sistema de clasificación o colocación Estado dañado No para préstamo Localización permanente Ubicación/localización actual Fecha de adquisición Total de préstamos Signatura topográfica completa Código de barras Fecha visto por última vez Precio válido a partir de Tipo de ítem Koha
El ejemplar forma parte de la colección y puede ser consultado según las políticas vigentes.   Library of Congress Classification     Biblioteca del Museo Franz Mayer (Rogerio Casas-Alatriste) Biblioteca del Museo Franz Mayer (Rogerio Casas-Alatriste) 18/07/2022   NK7101.5.T67 M49 2019 CONT9984 18/07/2022 18/07/2022 Libros